000 00541nam a2200229Ia 4500
003 OSt
005 20220912144339.0
006 a|||||r|||| 00| 0
007 ta
008 220909b |||||||| |||| 00| 0 eng d
020 _aSL0755695
024 _a193440
037 _cTextual
040 _aCSL
_beng
_cCSL
041 _aeng
082 _aY:52, M0;2
100 _acassen rh
245 0 _aindia populations,economy,society
700 _acassen rh
942 _hY:52, M0;2
_cTEXL
_2CC
999 _c5612
_d5612